000 00311nam a22001337a 4500
008 170324b xxu||||| |||| 00| 0 eng d
020 _a0849327415
041 _aeng
080 _22 ED
_a615.82
100 _a8
101 _aSHM
245 _aSPORTS MEDICINE PRIMARY CARE PHYSICIAN
_cBIRRER.R.B
942 _2udc
_cBK
999 _c8613
_d8613